[Event "First GM Mix Bassano 2021"]
[Site "Bassano del Grappa"]
[Date "2021.03.17"]
[Round "1.1"]
[White "Basso, Pier Luigi"]
[Black "Zlatanovic, Marcus"]
[Result "1-0"]
[WhiteElo "2521"]
[BlackElo "1687"]
[Annotator "TA"]
[PlyCount "67"]
[EventDate "2021.03.17"]
[EventType "swiss"]
[EventCountry "ITA"]
[SourceTitle "playchess.com"]
[Source "ChessBase"]
[SourceQuality "1"]

{[%evp 10,67,17,10,30,4,39,47,35,24,24,28,31,43,96,110,136,116,135,137,152,81,144,125,174,170,164,169,178,182,184,184,194,187,193,199,214,206,211,216,218,206,212,198,221,193,240,240,237,237,255,250,253,253,698,696,668,656,632,622]} 1. d4 Nf6 2. c4 g6 3. Nc3 d5 4. Bf4 Bg7 5. e3 O-O 6. Rc1 Be6 {D83: Grünfeld: 4 Bf4 Bg7 5 e3 0-0.} 7. Nf3 c5 8. dxc5 dxc4 {White is slightly better.} 9. Qxd8 Rxd8 10. Ng5 {[#]} Bd7 $146 ({Predecessor:} 10... Bd5 11. e4 Bc6 12. Bxc4 e6 13. f3 h6 14. Nh3 Nh5 15. Be3 Nd7 16. Nf2 Ne5 {½-½ (42) Praczukowski,S (2170)-Kyc,J (2269) Suwalki 2018}) 11. Bxc4 e6 (11... Be8 $1 $14) 12. O-O $16 Nc6 13. Rfd1 h6 14. Nf3 Be8 15. a3 (15. Bd6 $142) 15... Ne7 ({Better is} 15... Rxd1+ 16. Rxd1 Nd7) 16. Be5 Nfd5 17. Bxg7 Kxg7 18. Bxd5 Nxd5 19. Nxd5 exd5 20. Nd4 a5 21. b3 Bc6 22. f3 Re8 23. Kf2 f5 24. Rd2 Rec8 25. Rc3 Kf6 26. Rb2 Rc7 27. h4 Rac8 28. b4 axb4 29. axb4 ({Resist} 29. Rxb4 $6 Ra8 $16) 29... Ba4 30. Ra3 Be8 31. Ra7 b5 $2 {[#]} (31... Re7 32. Rb1 Ke5) 32. cxb6 $18 {White is clearly winning.} Rc4 33. b7 Rb8 34. Ra8 {Weighted Error Value: White=0.08/Black=0.32} 1-0

[Event "First GM Mix Bassano 2021"]
[Site "Bassano del Grappa"]
[Date "2021.03.17"]
[Round "1.2"]
[White "Bernadskiy, Vitaliy"]
[Black "Marasa, Giuseppe"]
[Result "1-0"]
[WhiteElo "2599"]
[BlackElo "1952"]
[Annotator "TA"]
[PlyCount "45"]
[EventDate "2021.03.17"]
[EventType "swiss"]
[EventCountry "ITA"]
[SourceTitle "playchess.com"]
[Source "ChessBase"]
[SourceQuality "1"]

{[%evp 24,45,36,21,51,52,56,43,74,61,63,53,105,96,127,78,232,247,256,243,325,322,660,647]} 1. e4 e5 2. Nf3 Nc6 3. Bb5 a6 4. Ba4 Nf6 5. O-O Be7 6. Re1 b5 7. Bb3 d6 8. c3 O-O 9. h3 Nb8 10. d4 Nbd7 11. c4 Bb7 12. Nc3 c6 13. a3 Qc7 {C95: Closed Ruy Lopez: Breyer Variation with 10 d4.} 14. Bg5 Rfe8 15. Rc1 Qb8 {White is slightly better.} 16. Bh4 h6 {[#]} 17. Bg3 $146 ({Predecessor:} 17. Ba2 Bd8 18. Rc2 exd4 19. Nxd4 c5 20. Nf5 b4 21. Nxd6 bxc3 22. Nxe8 Nxe8 23. Bxd8 Qxd8 24. Rxc3 {1-0 (37) Peters,J (2360)-Zavadsky,P (2283) Orange 2011}) 17... Bd8 (17... Bf8 $14) 18. Nh4 Nf8 19. c5 Bc7 $2 {[#]} (19... dxc5 $16 {might work better.} 20. dxe5 (20. Bxe5 Rxe5 21. dxe5 Qxe5 $16) 20... Rxe5) 20. cxd6 $18 Bxd6 21. Nf5 Ng6 22. Qf3 Bc7 $2 {[#]} (22... Be7 23. Bh2 Bd8) 23. Nxh6+ $1 {[%mdl 576] Double Attack. Black did not feel at home in the position after the opening.  Weighted Error Value: White=0.06/Black=0.77} 1-0

[Event "First GM Mix Bassano 2021"]
[Site "Bassano del Grappa"]
[Date "2021.03.17"]
[Round "1.3"]
[White "Baliuniene, Margarita"]
[Black "Gregoric, Andraz"]
[Result "0-1"]
[WhiteElo "1886"]
[BlackElo "2114"]
[Annotator "TA"]
[PlyCount "80"]
[EventDate "2021.03.17"]
[EventType "swiss"]
[EventCountry "ITA"]
[SourceTitle "playchess.com"]
[Source "ChessBase"]
[SourceQuality "1"]

{[%evp 9,80,33,35,36,35,31,22,29,27,25,18,14,18,10,36,11,13,12,12,8,4,-157,30,-464,-470,-587,-546,-752,-745,-29992,-243,-203,-128,-510,-359,-358,-337,-518,-529,-514,-523,-487,-507,-506,-499,-428,-369,-348,-156,-304,-306,-437,-433,-430,-428,-539,-514,-264,0,-538,-508,-525,-515,-517,-497,-1001,-443,-538,-529,-1459,-1402,-1295,-1287]} 1. d4 Nf6 2. Nf3 e6 3. c4 Bb4+ 4. Nbd2 a5 5. a3 Bxd2+ 6. Bxd2 {E11: Bogo-Indian.} b6 7. Bg5 Bb7 8. e3 {The position is equal.} h6 9. Bh4 d6 10. Be2 Nbd7 11. O-O Qe7 (11... g5 $5 {[%cal Rg5h4]} 12. Bg3 Ne4 $11) 12. b4 {[#]} g5 $146 ({Predecessor:} 12... O-O 13. Nd2 c5 14. b5 Rfe8 15. f4 Rac8 16. Bf3 d5 17. e4 dxe4 18. Bxe4 Bxe4 19. Nxe4 Qf8 20. Nxf6+ Nxf6 21. Bxf6 gxf6 {0-1 (42) Paasikangas Tella,J (2130)-Markovic,G (2260) Subotica 1991}) 13. Bg3 Ne4 14. Qc2 h5 {Strongly threatening ...h4.} 15. h3 $2 (15. c5 $11 Bd5 16. h4) 15... g4 $2 {[#]} (15... Nxg3 $17 16. fxg3 g4 17. hxg4 hxg4) 16. hxg4 $2 {[%mdl 8192]} (16. Bh4 $1 $11 {and White has nothing to worry.} Qf8 17. Bd3) 16... hxg4 $19 17. Nd2 f5 {( -> ...Qh7)} 18. Nxe4 Bxe4 ({Weaker is} 18... Qh7 19. f3 $17) 19. Qb2 {[#]} Qh7 $2 (19... Bf3 $1 {[%mdl 512] mates} 20. d5 O-O-O $1 21. dxe6 Qh7 $1 22. exd7+ Kb7 23. Qxh8 {[%mdl 64] Remove Defender} Rxh8 24. Bxf3+ Ka7 25. Bh4 Qxh4 26. bxa5 Qh2#) 20. f3 gxf3 $40 {[%mdl 128] Black has strong attack.} 21. Bxf3 $2 {[%mdl 8192]} (21. gxf3 $17 {nothing else works.} Rg8 22. Kf2) 21... Bxf3 22. Rxf3 Nf6 23. Rf4 (23. Bh4 {was the only defense.} Qxh4 24. Rh3 Qxh3 25. gxh3) 23... Ng4 24. Rxg4 fxg4 25. c5 Qh1+ 26. Kf2 Rf8+ 27. Bf4 Qh4+ (27... Qh2 $2 28. cxb6 cxb6 29. Qc2 $19) 28. Ke2 {[#]} Qh5 (28... Rxf4 $1 $19 {[%mdl 512] and Black stays clearly on top.} 29. exf4 Qh2) 29. cxd6 (29. Qc2 $17) 29... cxd6 30. bxa5 (30. Qb1 $142) 30... g3+ 31. Kd2 Qxa5+ 32. Ke2 Qh5+ 33. Kd2 Qa5+ $2 (33... Kd7 34. Rb1 Qd5 35. Qb5+ Qxb5 36. Rxb5 Kc6) 34. Ke2 $1 Rc8 {Black is clearly winning.} 35. Rc1 Kd7 36. Rxc8 Rxc8 37. Bxg3 (37. e4 $142) 37... Qh5+ (37... Qf5 $142 {Hoping for ...Rc2+.} 38. Qb3 Rc2+ 39. Ke1 Qe4 40. Qb5+ Kc7) 38. Kf2 Qf5+ 39. Ke1 Qd3 40. Qd2 Qb1+ {Weighted Error Value: White=1.23/Black=0.61} 0-1

[Event "First GM Mix Bassano 2021"]
[Site "Bassano del Grappa"]
[Date "2021.03.17"]
[Round "2.1"]
[White "Basso, Pier Luigi"]
[Black "Bernadskiy, Vitaliy"]
[Result "1/2-1/2"]
[WhiteElo "2521"]
[BlackElo "2599"]
[Annotator "TA"]
[PlyCount "42"]
[EventDate "2021.03.17"]
[EventType "swiss"]
[EventCountry "ITA"]
[SourceTitle "playchess.com"]
[Source "ChessBase"]
[SourceQuality "1"]

{[%evp 25,27,27,21,-30]} 1. d4 Nf6 2. c4 e6 3. Nf3 b6 4. g3 Bb7 5. Bg2 Be7 6. O-O O-O 7. Nc3 Ne4 8. Nxe4 Bxe4 9. Nh4 Bxg2 10. Nxg2 d5 11. Qa4 Qe8 12. Qxe8 Rxe8 13. cxd5 exd5 14. Bf4 {[#] A rather calm draw. E18: Queen's Indian: Old Main Line (4 g3 Bb7 5 Bg2 Be7 6 0-0 0-0 7 Nc3).} (14. Rd1 $142) {Predecessor:} 14... Bf6 $146 15. e3 Na6 16. Rac1 c5 17. dxc5 Nxc5 18. b3 Rad8 19. h4 h5 20. Rfd1 Ne6 21. Kf1 g6 {0-1 (42) Teixeira,R (2311)-Di Berardino,D (2480) Rio de Janeiro 2011} 1/2-1/2

[Event "First GM Mix Bassano 2021"]
[Site "Bassano del Grappa"]
[Date "2021.03.17"]
[Round "2.3"]
[White "Gregoric, Andraz"]
[Black "Grimaldi, Angela Flavia"]
[Result "1-0"]
[WhiteElo "2114"]
[BlackElo "2067"]
[Annotator "NA"]
[PlyCount "93"]
[EventDate "2021.03.17"]
[EventType "swiss"]
[EventCountry "ITA"]
[SourceTitle "playchess.com"]
[Source "ChessBase"]
[SourceQuality "1"]
[TimeControl "5400+30"]

1. e4 {[%emt 0:00:00]} c5 {[%emt 0:04:43]} 2. Nf3 {[%emt 0:00:00]} g6 {[%emt 0:00:16]} 3. c3 {[%emt 0:00:00]} d5 {[%emt 0:00:09]} 4. exd5 {[%emt 0:00:00]} Qxd5 {[%emt 0:00:06]} 5. Na3 {[%emt 0:01:09]} Bg7 {[%emt 0:01:07]} 6. d4 {[%emt 0:00:25]} cxd4 {[%emt 0:00:52]} 7. Bc4 {[%emt 0:00:20]} Qe4+ {[%emt 0:00:17]} 8. Be3 {[%emt 0:00:27]} Nh6 {[%emt 0:00:15]} 9. Nb5 {[%emt 0:00:28]} O-O {[%emt 0:01:28]} 10. cxd4 {[%emt 0:00:16]} Nc6 {[%emt 0:03:50]} 11. Nc3 {[%emt 0:00:21]} Qg4 {[%emt 0:04:23]} 12. h3 {[%emt 0:00:25]} Qh5 {[%emt 0:11:05]} 13. Qd2 {[%emt 0:02:38]} Ng4 {[%emt 0:13:54]} 14. Bg5 {[%emt 0:00:35]} h6 {[%emt 0:18:24]} 15. Bh4 {[%emt 0:00:08]} Nf6 {[%emt 0:03:10]} 16. Qe3 {[%emt 0:00:23]} Nb4 {[%emt 0:09:53]} 17. Qxe7 {[%emt 0:16:14]} Nd3+ {[%emt 0:15:42]} 18. Bxd3 {[%emt 0:07:24]} Re8 {[%emt 0:01:02]} 19. Bxf6 {[%emt 0:00:12]} Rxe7+ {[%emt 0:00:02]} 20. Bxe7 {[%emt 0:00:07]} Bxd4 {[%emt 0:02:55]} 21. Nxd4 {[%emt 0:01:22]} Qe5+ {[%emt 0:00:05]} 22. Be2 {[%emt 0:03:34]} Qxe7 {[%emt 0:00:16]} 23. O-O-O {[%emt 0:02:00]} Qg5+ {[%emt 0:00:11]} 24. Kb1 {[%emt 0:01:07]} Bf5+ {[%emt 0:02:12]} 25. Nxf5 {[%emt 0:00:29]} Qxf5+ {[%emt 0:00:04]} 26. Ka1 {[%emt 0:00:06]} Re8 {[%emt 0:00:38]} 27. Bc4 {[%emt 0:03:20]} a6 {[%emt 0:02:07]} 28. Bb3 {[%emt 0:01:22]} b5 {[%emt 0:01:28]} 29. f3 {[%emt 0:01:11]} a5 {[%emt 0:01:19]} 30. Ne4 {[%emt 0:05:23]} Re7 {[%emt 0:00:57]} 31. Rd5 {[%emt 0:02:05]} Re5 {[%emt 0:01:36]} 32. Rd8+ {[%emt 0:04:54]} Kg7 {[%emt 0:00:12]} 33. Nd6 {[%emt 0:03:05]} Qg5 {[%emt 0:01:05]} 34. Rd7 {[%emt 0:02:18]} Re7 {[%emt 0:00:21]} 35. Rxe7 {[%emt 0:00:33]} Qxe7 {[%emt 0:00:04]} 36. Nxb5 {[%emt 0:01:39]} Qg5 {[%emt 0:00:19]} 37. a4 {[%emt 0:05:42]} Qxg2 {[%emt 0:00:04]} 38. Rc1 {[%emt 0:00:27]} Qxf3 {[%emt 0:00:12]} 39. Rc3 {[%emt 0:02:08]} Qf1+ {[%emt 0:00:04]} 40. Ka2 {[%emt 0:00:04]} f5 {[%emt 0:00:17]} 41. h4 {[%emt 0:02:20]} Qf2 {[%emt 0:01:30]} 42. Rc7+ {[%emt 0:00:15]} Kf6 {[%emt 0:00:14]} 43. Rc6+ {[%emt 0:01:39]} Ke5 {[%emt 0:01:31]} 44. Rxg6 {[%emt 0:00:47]} Qxh4 {[%emt 0:00:04]} 45. Nd6 {[%emt 0:00:46]} f4 {[%emt 0:00:44]} 46. Re6+ {[%emt 0:00:29]} Kd4 {[%emt 0:00:13]} 47. Nf5+ {[%emt 0:32:53]} 1-0

[Event "First GM Mix Bassano 2021"]
[Site "Bassano del Grappa"]
[Date "2021.03.17"]
[Round "2.5"]
[White "Marasa, Giuseppe"]
[Black "Baliuniene, Margarita"]
[Result "1-0"]
[WhiteElo "1952"]
[BlackElo "1886"]
[Annotator "NA"]
[PlyCount "97"]
[EventDate "2021.03.17"]
[EventType "swiss"]
[EventCountry "ITA"]
[SourceTitle "playchess.com"]
[Source "ChessBase"]
[SourceQuality "1"]
[TimeControl "5400+30"]

1. d4 {[%emt 0:04:53]} d5 {[%emt 0:00:00]} 2. c4 {[%emt 0:00:03]} e6 {[%emt 0:00:00]} 3. Nc3 {[%emt 0:00:05]} Nf6 {[%emt 0:00:00]} 4. cxd5 {[%emt 0:00:06]} exd5 {[%emt 0:00:02]} 5. Bg5 {[%emt 0:00:07]} c6 {[%emt 0:00:13]} 6. e3 {[%emt 0:00:45]} Be7 {[%emt 0:00:14]} 7. Bd3 {[%emt 0:00:05]} O-O {[%emt 0:00:53]} 8. h3 {[%emt 0:01:18]} Ne4 {[%emt 0:03:13]} 9. Bxe7 {[%emt 0:02:57]} Qxe7 {[%emt 0:00:02]} 10. Qc2 {[%emt 0:01:20]} f5 {[%emt 0:00:26]} 11. Nf3 {[%emt 0:09:46]} Nd7 {[%emt 0:05:15]} 12. O-O-O {[%emt 0:12:16]} Ndf6 {[%emt 0:03:39]} 13. Ne5 {[%emt 0:04:44]} c5 {[%emt 0:08:05]} 14. f3 {[%emt 0:08:54]} cxd4 {[%emt 0:02:22]} 15. exd4 {[%emt 0:01:16]} Nxc3 {[%emt 0:01:18]} 16. Qxc3 {[%emt 0:00:37]} Be6 {[%emt 0:03:03]} 17. Kb1 {[%emt 0:01:43]} Rac8 {[%emt 0:04:15]} 18. Qd2 {[%emt 0:01:03]} Qc7 {[%emt 0:04:41]} 19. g4 {[%emt 0:07:10]} Nd7 {[%emt 0:08:16]} 20. Rhe1 {[%emt 0:07:35]} fxg4 {[%emt 0:04:08]} 21. hxg4 {[%emt 0:02:48]} Rce8 {[%emt 0:01:34]} 22. Rc1 {[%emt 0:09:57]} Qd6 {[%emt 0:01:30]} 23. Qh2 {[%emt 0:00:41]} h6 {[%emt 0:09:22]} 24. g5 {[%emt 0:02:42]} Bf5 {[%emt 0:00:43]} 25. Bxf5 {[%emt 0:01:26]} Rxf5 {[%emt 0:00:02]} 26. Qh5 {[%emt 0:07:35]} Ref8 {[%emt 0:02:13]} 27. f4 {[%emt 0:03:23]} Nxe5 {[%emt 0:20:31]} 28. dxe5 {[%emt 0:01:46]} Qe6 {[%emt 0:04:12]} 29. Ka1 {[%emt 0:03:08]} Rxf4 {[%emt 0:02:57]} 30. gxh6 {[%emt 0:00:26]} Qxh6 {[%emt 0:01:02]} 31. Qd1 {[%emt 0:02:47]} Qe6 {[%emt 0:01:56]} 32. Qb3 {[%emt 0:00:24]} b6 {[%emt 0:00:40]} 33. Rcd1 {[%emt 0:00:26]} Rd8 {[%emt 0:00:55]} 34. Qg3 {[%emt 0:01:17]} Rf5 {[%emt 0:01:45]} 35. Qh3 {[%emt 0:01:21]} Rdf8 {[%emt 0:00:49]} 36. Rh1 {[%emt 0:00:37]} Qxe5 {[%emt 0:00:27]} 37. Qh7+ {[%emt 0:00:26]} Kf7 {[%emt 0:00:04]} 38. Rhe1 {[%emt 0:00:31]} Qf6 {[%emt 0:00:59]} 39. Rc1 {[%emt 0:00:23]} Qg5 {[%emt 0:05:20]} 40. Rc7+ {[%emt 0:00:36]} Kf6 {[%emt 0:00:02]} 41. Rc6+ {[%emt 0:00:15]} Kf7 {[%emt 0:00:14]} 42. Rc7+ {[%emt 0:00:35]} Kf6 {[%emt 0:00:01]} 43. Rc6+ {[%emt 0:00:01]} Kf7 {[%emt 0:00:15]} 44. Rce6 {[%emt 0:01:10]} Rf2 {[%emt 0:01:43]} 45. a3 {[%emt 0:00:21]} d4 {[%emt 0:01:49]} 46. Qd3 {[%emt 0:00:36]} Qc5 {[%emt 0:00:43]} 47. Qb3 {[%emt 0:00:32]} Rc8 {[%emt 0:00:36]} 48. Re7+ {[%emt 0:00:23]} Kg6 {[%emt 0:00:14]} 49. Qg3+ {[%emt 0:00:18]} 1-0

[Event "First GM Mix Bassano 2021"]
[Site "Bassano del Grappa"]
[Date "2021.03.18"]
[Round "3.1"]
[White "Martin Duque, Jesus"]
[Black "Sebenik, Matej"]
[Result "1/2-1/2"]
[WhiteElo "2454"]
[BlackElo "2481"]
[Annotator "TA"]
[PlyCount "84"]
[EventDate "2021.03.17"]
[EventType "swiss"]
[EventCountry "ITA"]
[SourceTitle "playchess.com"]
[Source "ChessBase"]
[SourceQuality "1"]

{[%evp 12,84,30,25,32,27,29,27,37,27,23,22,23,28,37,17,32,45,46,43,43,41,41,47,56,49,60,52,57,46,62,45,53,49,61,56,61,55,55,59,49,61,76,59,99,64,50,57,54,11,35,43,42,42,41,42,46,16,37,12,13,0,0,0,8,0,8,8,8,0,0,0,0,0,0]} 1. e4 e6 2. d4 d5 3. Nd2 c5 4. exd5 exd5 5. Ngf3 Nc6 6. Bb5 Qe7+ $1 {[%mdl 4] is more profitable than 6...Bd6 at the moment.} 7. Be2 Nf6 {C09: French Tarrasch: 3...c5 4 exd5 exd5 5 Ngf3 Nc6.} 8. O-O Qc7 9. dxc5 Bxc5 {White has an edge.} 10. Nb3 Be7 11. c3 O-O 12. Bg5 Rd8 13. Nbd4 a6 14. Re1 {[#]} h6 $146 ({Predecessor:} 14... Bg4 15. h3 Bh5 16. Nf5 Ne4 17. Nxe7+ Nxe7 18. Bxe7 Qxe7 19. Nd2 Qc5 20. Nxe4 dxe4 {0-1 (98) Willow,J (2386)-Tarlabasi,E (2301) Chess.com INT 2021}) 15. Bh4 Ne4 16. Bxe7 Nxe7 17. Bd3 Bf5 18. Qc2 Bh7 19. Re3 Nc6 20. Rae1 Qb6 21. Nxc6 bxc6 22. c4 Rab8 23. b3 a5 24. Ne5 {Hoping for cxd5.} Rbc8 25. f3 Re8 {[#]} 26. Nxf7 Kxf7 27. fxe4 Bxe4 28. c5 Qb4 29. Bxe4 dxe4 30. h3 {[%cal Re3e4]} Re5 31. Rxe4 Qxc5+ 32. Qxc5 Rxc5 $14 {[%mdl 4096] Endgame KRR-KRR} 33. Re7+ Kg8 34. R1e4 Rf8 35. Rc7 (35. Ra7 {is interesting.} Rf6 36. Ra4 Rff5 37. Rg4 Rf7 38. Ra6) 35... Rf6 {The position is equal.} 36. Rc4 Rxc4 37. bxc4 $11 {[%cal Bb3c4,Bc4c5][%mdl 32] KR-KR} Kh7 38. c5 Rf4 39. Rxc6 Ra4 40. Ra6 Rxa2 41. c6 Rc2 42. Rxa5 Rxc6 {Weighted Error Value: White=0.06/Black=0.06} 1/2-1/2

[Event "First GM Mix Bassano 2021"]
[Site "Bassano del Grappa"]
[Date "2021.03.18"]
[Round "3.3"]
[White "Niemann, Hans Moke"]
[Black "Subelj, Jan"]
[Result "1-0"]
[WhiteElo "2526"]
[BlackElo "2430"]
[Annotator "TA"]
[PlyCount "63"]
[EventDate "2021.03.17"]
[EventType "swiss"]
[EventCountry "ITA"]
[SourceTitle "playchess.com"]
[Source "ChessBase"]
[SourceQuality "1"]

{[%evp 17,63,10,13,19,18,22,25,28,39,38,40,30,58,56,67,44,78,79,121,57,118,167,146,122,253,216,232,241,343,336,310,269,458,402,743,632,937,946,1127,1035,29968,29969,29969,29970,29969,29970,29980,29981]} 1. d4 Nf6 2. c4 e6 3. Nf3 d5 4. Nc3 Be7 5. Bf4 O-O 6. e3 b6 7. Bd3 c5 8. cxd5 Nxd5 9. Nxd5 exd5 10. b3 {D37: Queen's Gambit Declined: 5 Bf4.} Nc6 11. O-O Be6 12. Rc1 {[#] White has an edge.} a6 $146 ({Predecessor:} 12... a5 13. h3 g6 14. Bb5 Qc8 15. dxc5 bxc5 16. Nd4 Nxd4 17. exd4 Qb7 18. a4 Rfc8 {1-0 (55) Ding,L (2805)-Carlsen,M (2882) Saint Louis 2019}) 13. Qe2 Qd7 14. Rfd1 Nb4 15. Bb1 Qb5 16. Qb2 Rac8 17. Ng5 $36 {[%mdl 2048] White is really pushing.} g6 18. h4 ({White should try} 18. a3 $16 Nc6 19. Nxe6 fxe6 20. a4) 18... Bf6 (18... Bg4 $14) 19. Nxe6 $16 fxe6 20. h5 Bxd4 {This costs Black the game.} 21. exd4 $18 Rxf4 22. dxc5 Rcf8 (22... Nc6 $142 23. Bd3 (23. hxg6 hxg6 24. Bd3 Qa5 $16) 23... Qa5) 23. hxg6 hxg6 24. a3 Rxf2 $2 {[#]} (24... bxc5 25. axb4 Qxb4) 25. Qe5 $1 {[%cal Re5e6]} ({Not} 25. Qxf2 Rxf2 26. Kxf2 Nc6 $17) 25... R8f6 ({Don't go for} 25... Re2 $2 26. Qg3 $18) (25... R2f6 $142 26. axb4 bxc5 27. bxc5 Qxb3) 26. axb4 {And now c6 would win.} Qxb4 {intending ...Qg4.} 27. c6 {Strongly threatening c7.} Qg4 28. Qh2 Kg7 29. c7 {White mates.} Rf8 30. c8=Q {[%mdl 64] [#] Overworked Piece} Rxc8 31. Kxf2 Rxc1 32. Qe5+ {Weighted Error Value: White=0.07/Black=0.89} 1-0

[Event "First GM Mix Bassano 2021"]
[Site "Bassano del Grappa"]
[Date "2021.03.18"]
[Round "3.4"]
[White "Juvan, Jaka"]
[Black "Bellahcene, Bilel"]
[Result "0-1"]
[WhiteElo "2217"]
[BlackElo "2517"]
[Annotator "TA"]
[PlyCount "66"]
[EventDate "2021.03.17"]
[EventType "swiss"]
[EventCountry "ITA"]
[SourceTitle "playchess.com"]
[Source "ChessBase"]
[SourceQuality "1"]

{[%evp 17,66,22,27,39,41,34,11,8,31,0,0,0,38,-1,36,39,89,98,176,158,113,111,120,89,75,12,15,9,0,8,52,0,0,0,0,-165,0,0,0,0,0,0,0,0,0,-805,-802,-802,-762,-730,-700]} 1. e4 c5 2. Nf3 e6 3. d4 cxd4 4. Nxd4 Nf6 5. Nc3 Nc6 6. Nxc6 bxc6 7. e5 Nd5 8. Ne4 Qc7 9. f4 f5 10. exf6 $1 {B45: Sicilian Four Knights.} gxf6 11. a3 Be7 12. Qf3 {The position is equal.} O-O {[#]} 13. c4 $146 ({Predecessor:} 13. Be2 f5 14. Ng3 Kh8 15. O-O Bb7 16. c4 Qb6+ 17. Kh1 Nf6 18. b4 c5 19. Qf2 {½-½ (35) Kulicov,O (2463)-Olenin,N (2343) Bolkhov 2017}) 13... Nb6 14. Bd3 Rf7 15. Be3 c5 16. f5 Bb7 17. O-O-O Qc6 (17... e5 $16) 18. Rhf1 $18 e5 19. g4 d5 20. cxd5 {[%mdl 64] Overworked Piece} Nxd5 21. Bc4 (21. g5 $16 c4 22. Nxf6+ Nxf6 23. Qxc6 Bxc6 24. gxf6 cxd3 25. fxe7 Rxe7 26. Rxd3) 21... Nxe3 $11 22. Qxe3 {aiming for Qb3.} Qxe4 {[%mdl 64] Double Attack} 23. Qb3 Kg7 {Threatens to win with ...Raf8.} 24. Bxf7 ({White should try} 24. g5 $1 $14 fxg5 25. Rde1 (25. Bxf7 g4 $17)) 24... c4 $1 {[%cal Rc4b3]} 25. Qh3 {Black must now prevent g5!} ({Don't go for} 25. Qxc4 $2 Rc8 $19) 25... c3 26. Rd7 $2 {[#]} cxb2+ $2 (26... Qe2 $1 $19 {[%cal Re2b2]} 27. Rxb7 cxb2+ 28. Kb1 (28. Rxb2 $2 Bxa3 29. Qxa3 Qxf1+ 30. Kc2 Rc8+ 31. Bc4 Rxc4+ 32. Kb3 Qh3+ 33. Ka2 Qxa3+ 34. Kxa3 Rxg4 $19) 28... Qe4+ {[%mdl 64] Double Attack} 29. Ka2 Qxb7) 27. Kxb2 Qe2+ 28. Ka1 Bg2 29. Bc4 $1 Qxc4 30. Qxg2 Rb8 $1 $40 {[%mdl 128] ( -> ...Qc3+). Black attacks.} 31. Rb1 $2 {[%mdl 8192]} (31. Rxe7+ $11 Kf8 32. Rxa7) 31... Rxb1+ $19 {Black is clearly winning.} 32. Kxb1 Qb5+ {[%mdl 64] Double Attack} 33. Ka2 Qxd7 {Black used his chance.  Weighted Error Value: White=0.45/Black=0.18} 0-1

[Event "First GM Mix Bassano 2021"]
[Site "Bassano del Grappa"]
[Date "2021.03.18"]
[Round "3.5"]
[White "Markoja, Boris"]
[Black "Baenziger, Fabian"]
[Result "1/2-1/2"]
[WhiteElo "2439"]
[BlackElo "2409"]
[Annotator "RC"]
[PlyCount "46"]
[EventDate "2021.03.17"]
[EventType "swiss"]
[EventCountry "ITA"]
[SourceTitle "playchess.com"]
[Source "ChessBase"]
[SourceQuality "1"]
[TimeControl "5400+30"]

1. c4 {[%emt 0:00:00]} c6 {[%emt 0:00:23]} 2. d4 {[%emt 0:00:13]} d5 {[%emt 0:00:07]} 3. Nf3 {[%emt 0:00:09]} Nf6 {[%emt 0:00:05]} 4. Qb3 {[%emt 0:00:13]} dxc4 {[%emt 0:00:08]} 5. Qxc4 {[%emt 0:00:05]} Bf5 {[%emt 0:00:15]} 6. g3 {[%emt 0:00:19]} e6 {[%emt 0:00:12]} 7. Bg2 {[%emt 0:00:25]} Be7 {[%emt 0:00:07]} 8. O-O {[%emt 0:00:38]} O-O {[%emt 0:00:15]} 9. Qb3 {[%emt 0:03:28]} Qb6 {[%emt 0:00:25]} 10. Nbd2 {[%emt 0:00:12]} Rd8 {[%emt 0:02:55]} 11. Nc4 {[%emt 0:00:44]} Qa6 {[%emt 0:00:11]} 12. Bd2 {[%emt 0:07:33]} Nbd7 {[%emt 0:01:47]} 13. Rfc1 {[%emt 0:03:35]} Be4 {[%emt 0:04:17]} 14. Bb4 {[%emt 0:05:26]} c5 {[%emt 0:03:10]} 15. dxc5 {[%emt 0:01:57]} Nxc5 {[%emt 0:10:06]} 16. Qa3 {[%emt 0:00:58]} Qxa3 {[%emt 0:02:02]} 17. Bxa3 {[%emt 0:00:22]} Rac8 {[%emt 0:02:43]} 18. Nfe5 {[%emt 0:03:36]} Bxg2 {[%emt 0:08:49]} 19. Kxg2 {[%emt 0:00:08]} Nfd7 {[%emt 0:01:18]} 20. Rc2 {[%emt 0:21:28]} b5 {[%emt 0:08:31]} 21. Nxd7 {[%emt 0:02:37]} Rxd7 {[%emt 0:01:19]} 22. Na5 {[%emt 0:10:27]} Rdc7 {[%emt 0:00:54]} 23. Rac1 {[%emt 0:01:53]} Kf8 {[%emt 0:03:16]} 1/2-1/2